| 000 | 00341nam a22001457a 4500 | ||
|---|---|---|---|
| 003 | SGT | ||
| 082 | _a344,MIS | ||
| 100 | _aMISRA, SURYA NARAYAN | ||
| 245 | _aAN INTRODUCTION TO LABOUR AND INDUSTRIAL LAWS | ||
| 250 | _a5TH | ||
| 260 |
_aALLAHABAD _bALLAHABAD LAW AGENCY _c1977 |
||
| 300 | _a648 | ||
| 650 | _aLABOUR LAW | ||
| 942 |
_2ddc _cBK |
||
| 999 |
_c10232 _d10232 |
||